书目信息 |
| 题名: |
钢-混凝土组合结构施工规范
|
|
| 作者: | 中华人民共和国住房和城乡建设部 主编 ;肖绪文 起草 ;中国建筑第二工程局有限公司 , 中国建筑股份有限公司 , 中国 主编 ;中国 批准 | |
| 分册: | ||
| 出版信息: | 北京 中国建筑工业出版社 2014 |
|
| 页数: | 74页 | |
| 开本: | 21cm | |
| 丛书名: | 中华人民共和国国家标准 | |
| 单 册: | ||
| 中图分类: | TU398-65 | |
| 科图分类: | ||
| 主题词: | 钢结构--gang jie gou--混凝土结构--组合结构--施工设计--部颁标准--中国 | |
| 电子资源: | ||
| ISBN: | ||
| 000 | 01915nam 2200361 450 | |
| 001 | 142487 | |
| 005 | 20141221155538.34 | |
| 010 | @dCNY 13.00 | |
| 091 | @a15112·23873@dCNY13.00 | |
| 094 | @aCN@bGB 50901-2013 | |
| 099 | @aCAL 012014134823 | |
| 100 | @a20141104d2014 ekmy0chiy50 ea | |
| 101 | 0 | @achi |
| 102 | @aCN@b110000 | |
| 105 | @aak l 000yy | |
| 200 | 1 | @a钢-混凝土组合结构施工规范@AGang - Hun Ning Tu Zu He Jie Gou Shi Gong Gui Fan@d= Code for construction of steel-concrete composite structures@f中华人民共和国住房和城乡建设部主编@Fzhong hua ren min gong he guo zhu fang he cheng xiang jian she bu zhu bian@g批准部门中华人民共和国住房和城乡建设部@zeng |
| 210 | @a北京@c中国建筑工业出版社@d2014 | |
| 215 | @a74页@c图@d21cm | |
| 225 | 2 | @a中华人民共和国国家标准@AZhong Hua Ren Min Gong He Guo Guo Jia Biao Zhun |
| 300 | @a本规范由中华人民共和国住房和城乡建设部, 中华人民共和国国家质量监督检验检疫总局于2013-12-19联合发布, 2014-07-01实施. | |
| 314 | @a本规范主编单位: 中国建筑第二工程局有限公司, 中国建筑股份有限公司 ; 主要起草人: 肖绪文 ... [等] | |
| 410 | 0 | @12001@a中华人民共和国国家标准 |
| 510 | 1 | @aCode for construction of steel-concrete composite structures@zeng |
| 606 | 0 | @a钢结构@Agang jie gou@x混凝土结构@x组合结构@x施工设计@x部颁标准@y中国 |
| 690 | @aTU398-65@v5 | |
| 701 | 0 | @a中华人民共和国住房和城乡建设部@Azhong hua ren min gong he guo zhu fang he cheng xiang jian she bu@4主编 |
| 702 | 0 | @a肖绪文@AXiao Xu Wen@4起草 |
| 711 | 02 | @a中国建筑第二工程局有限公司@AZhong Guo Jian Zhu Di Er Gong Cheng Ju You Xian Gong Si@4主编 |
| 711 | 02 | @a中国建筑股份有限公司@AZhong Guo Jian Zhu Gu Fen You Xian Gong Si@4主编 |
| 711 | 01 | @a中国@Azhong guo@b住房和城乡建设部@BZhu Fang He Cheng Xiang Jian She Bu@4主编 |
| 712 | 01 | @a中国@Azhong guo@b住房和城乡建设部@BZhu Fang He Cheng Xiang Jian She Bu@4批准 |
| 801 | 0 | @aCN@bXMU@c20141221 |
| 905 | @a241430@dTU398-65@eZ9111 | |
| 钢-混凝土组合结构施工规范= Code for construction of steel-concrete composite structures/中华人民共和国住房和城乡建设部主编/批准部门中华人民共和国住房和城乡建设部.-北京:中国建筑工业出版社,2014 |
| 74页:图;21cm.-(中华人民共和国国家标准) |
| 本规范由中华人民共和国住房和城乡建设部, 中华人民共和国国家质量监督检验检疫总局于2013-12-19联合发布, 2014-07-01实施. |
| ISBN :CNY 13.00 |
| ● |
| 相关链接 |
|
|
|
正题名:钢-混凝土组合结构施工规范
索取号:TU398-65/Z9111
 
预约/预借
| 序号 | 登录号 | 条形码 | 馆藏地/架位号 | 状态 | 备注 |
| 1 | 1135057 | 211350571 | 建筑库101/101建筑库 91排4列5层/ [索取号:TU398-65/Z9111] | 在馆 | |
| 2 | 1135058 | 211350580 | 建筑库101/101建筑库 91排4列5层/ [索取号:TU398-65/Z9111] | 在馆 | |
| 3 | 1135059 | 211350599 | 建筑库101/101建筑库 91排4列5层/ [索取号:TU398-65/Z9111] | 在馆 |